[Event "EU-ch 23rd"]
[Site "Vrnjacka Banja"]
[Date "2023.03.07"]
[Round "5"]
[White "Bleuzen, Erwan"]
[Black "Gikas, Andreas Basilius"]
[Result "0-1"]
[WhiteElo "1937"]
[BlackElo "2157"]
[PlyCount "78"]
[EventDate "2023.03.03"]
[EventType "swiss"]
[EventRounds "11"]
[EventCountry "SRB"]
[SourceTitle "CBM 213"]
[Source "ChessBase"]
[SourceDate "2023.04.30"]
[SourceVersion "1"]
[SourceVersionDate "2023.04.30"]
[SourceQuality "1"]

1. e4 c5 2. f4 d5 3. e5 Nc6 4. Nf3 h5 5. Be2 Nh6 6. Ng5 e6 7. Bxh5 g6 8. Be2 Nxe5 9. d3 Nc6 10. c3 Nf5 11. Na3 Ng3 12. Rg1 Rxh2 13. Bg4 Rh8 14. Kf2 Nf5 15. Rh1 Rxh1 16. Qxh1 Bd7 17. Bxf5 gxf5 18. Qh5 Qf6 19. Nh7 Qg6 20. Qxg6 fxg6 21. Nxf8 Kxf8 22. Nc2 e5 23. Bd2 d4 24. Rh1 Kg7 25. fxe5 Nxe5 26. cxd4 Nxd3+ 27. Kg3 c4 28. d5 Kf6 29. Rh7 Rd8 30. Bc3+ Kg5 31. Kh2 Bc8 32. Re7 b5 33. Rxa7 Rxd5 34. a3 Nf2 35. Nd4 f4 36. Nf3+ Kg4 37. Ne5+ Kf5 38. Rf7+ Ke4 39. Nxg6 Ng4+ 0-1

[Event "EU-ch 23rd"]
[Site "Vrnjacka Banja"]
[Date "2023.03.06"]
[Round "4"]
[White "Panic, Anastasija"]
[Black "Bleuzen, Erwan"]
[Result "0-1"]
[WhiteElo "1772"]
[BlackElo "1937"]
[PlyCount "110"]
[EventDate "2023.03.03"]
[EventType "swiss"]
[EventRounds "11"]
[EventCountry "SRB"]
[SourceTitle "CBM 213"]
[Source "ChessBase"]
[SourceDate "2023.04.30"]
[SourceVersion "1"]
[SourceVersionDate "2023.04.30"]
[SourceQuality "1"]

1. e4 c5 2. Nf3 Nf6 3. e5 Nd5 4. Nc3 Nxc3 5. bxc3 d5 6. Bb5+ Nc6 7. h3 e6 8. 0-0 Be7 9. d4 0-0 10. Re1 c4 11. Bxc6 bxc6 12. Be3 Rb8 13. Qd2 Bd7 14. Bg5 Bxg5 15. Qxg5 Qxg5 16. Nxg5 Rb2 17. Rec1 Rfb8 18. Nf3 f6 19. Kf1 Kf7 20. Ke2 Ke7 21. Kd2 Be8 22. exf6+ gxf6 23. Nh4 Kd6 24. g4 c5 25. a4 Bd7 26. f4 Rg8 27. Rg1 a5 28. Nf3 cxd4 29. Nxd4 e5 30. Ne2 h6 31. f5 Rbb8 32. Ng3 Be8 33. Rgb1 Bf7 34. Rb5 Rxb5 35. axb5 Ra8 36. Nh5 Bxh5 37. gxh5 a4 38. Kc1 Kc5 39. b6 Kxb6 40. Rb1+ Kc6 41. Rb4 Ra6 42. Rb8 d4 43. Rh8 Kd5 44. Rxh6 a3 45. Kb1 Ke4 46. cxd4 exd4 47. Rg6 d3 48. cxd3+ cxd3 49. h6 d2 50. Rg1 a2+ 51. Ka1 Ra7 52. h7 Rxh7 53. Kxa2 Kd3 54. Kb1 Rb7+ 55. Ka1 Kc2 0-1

[Event "EU-ch 23rd"]
[Site "Vrnjacka Banja"]
[Date "2023.03.05"]
[Round "3"]
[White "Bleuzen, Erwan"]
[Black "Djokic, Mihailo"]
[Result "0-1"]
[WhiteElo "1937"]
[BlackElo "2227"]
[PlyCount "42"]
[EventDate "2023.03.03"]
[EventType "swiss"]
[EventRounds "11"]
[EventCountry "SRB"]
[SourceTitle "CBM 213"]
[Source "ChessBase"]
[SourceDate "2023.04.30"]
[SourceVersion "1"]
[SourceVersionDate "2023.04.30"]
[SourceQuality "1"]

1. d4 Nf6 2. c4 g6 3. Nc3 Bg7 4. e4 d6 5. f3 0-0 6. Bg5 Nc6 7. Nge2 a6 8. Qd2 Rb8 9. Nc1 e5 10. d5 Nd4 11. Nb3 c5 12. dxc6 bxc6 13. Nxd4 exd4 14. Nd1 d5 15. Bd3 dxe4 16. fxe4 Qe8 17. 0-0 Nxe4 18. Qf4 Bf5 19. Re1 Be5 20. Qh4 Nxg5 21. Bxf5 Qe7 0-1

[Event "FRA-ch op-B"]
[Site "Albi"]
[Date "2022.08.21"]
[Round "9"]
[White "Ragneau, Freddy"]
[Black "Bleuzen, Erwan"]
[Result "0-1"]
[WhiteElo "1858"]
[BlackElo "1948"]
[PlyCount "51"]
[EventDate "2022.08.13"]
[EventType "swiss"]
[EventRounds "9"]
[EventCountry "FRA"]
[SourceTitle "CBM 210 Extra"]
[Source "ChessBase"]
[SourceDate "2022.11.30"]
[SourceVersion "1"]
[SourceVersionDate "2022.11.30"]
[SourceQuality "1"]

1. d4 d5 2. Nf3 Nf6 3. e3 c6 4. Bd3 Bg4 5. b3 Nbd7 6. Bb2 e6 7. Nbd2 Bd6 8. h3 Bxf3 9. Nxf3 Qc7 10. 0-0 e5 11. dxe5 Nxe5 12. Nxe5 Bxe5 13. c3 Nd7 14. e4 dxe4 15. Bxe4 g6 16. Qd2 f5 17. Bf3 0-0-0 18. Qc2 Bf4 19. c4 Ne5 20. Be2 Rd2 21. Qc3 Rxe2 22. g3 Bd2 23. Qc2 Re8 24. Rfd1 Nf3+ 25. Kf1 Qb6 26. Ba3 0-1

[Event "Quimper op 5th"]
[Site "Quimper"]
[Date "2014.10.31"]
[Round "2"]
[White "Aumont, Eric"]
[Black "Bleuzen, Erwan"]
[Result "0-1"]
[WhiteElo "1741"]
[BlackElo "1963"]
[PlyCount "108"]
[EventDate "2014.10.31"]
[EventType "swiss"]
[EventRounds "7"]
[EventCountry "FRA"]
[SourceTitle "EXT 2016"]
[Source "ChessBase"]
[SourceDate "2015.10.08"]
[SourceVersion "1"]
[SourceVersionDate "2015.10.08"]
[SourceQuality "1"]

1. c4 Nf6 2. Nc3 g6 3. g3 Bg7 4. Bg2 c5 5. Nf3 d6 6. 0-0 0-0 7. Re1 Nc6 8. Rb1 Rb8 9. a3 Nd7 10. d3 a6 11. Qc2 b5 12. b3 bxc4 13. dxc4 Nde5 14. Bb2 Bb7 15. e4 Nxf3+ 16. Bxf3 Ne5 17. Bg2 Nc6 18. Nd5 Nd4 19. Qd3 Bxd5 20. Bxd4 Bxc4 21. Qxc4 Bxd4 22. b4 Qb6 23. Rbd1 e5 24. Re2 cxb4 25. Qxb4 Qxb4 26. axb4 Rxb4 27. Ra2 Ra8 28. Bf1 a5 29. Rd3 a4 30. Rdd2 a3 31. h4 Rb2 32. Bc4 Rc8 33. Bd5 Rb1+ 34. Kg2 Bb2 35. Re2 Rc5 36. Bb3 Rc3 37. Bd5 Rd1 38. Raxb2 axb2 39. Rxb2 Rc7 40. Rb8+ Kg7 41. Rd8 Rd2 42. Rxd6 Rcc2 43. Rd7 Rxf2+ 44. Kg1 Kf8 45. Rb7 Rf6 46. Ra7 Rc8 47. Kg2 Re8 48. h5 gxh5 49. Bc4 Re7 50. Rxe7 Kxe7 51. Be2 h4 52. Bg4 hxg3 53. Kxg3 Rf4 54. Bf5 Rxf5 0-1

[Event "Quimper op 5th"]
[Site "Quimper"]
[Date "2014.10.31"]
[Round "3"]
[White "Bleuzen, Erwan"]
[Black "Ferrandi, Bernard"]
[Result "0-1"]
[WhiteElo "1963"]
[BlackElo "1736"]
[PlyCount "98"]
[EventDate "2014.10.31"]
[EventType "swiss"]
[EventRounds "7"]
[EventCountry "FRA"]
[SourceTitle "EXT 2016"]
[Source "ChessBase"]
[SourceDate "2015.10.08"]
[SourceVersion "1"]
[SourceVersionDate "2015.10.08"]
[SourceQuality "1"]

1. d4 d5 2. c4 e6 3. Nf3 Nf6 4. g3 Be7 5. Bg2 Nbd7 6. 0-0 Nf8 7. Nc3 Ng6 8. Bg5 0-0 9. Rc1 a6 10. Qb3 c6 11. Rfd1 dxc4 12. Qxc4 Nd5 13. Bxe7 Qxe7 14. e4 Nb6 15. Qb3 Qc7 16. d5 exd5 17. exd5 Bd7 18. Nd4 Nc8 19. dxc6 bxc6 20. Nd5 Qd6 21. Nb6 Nxb6 22. Nxc6 Qe6 23. Qxb6 Bxc6 24. Qxc6 Qxa2 25. Qxa8 Rxa8 26. Bxa8 h6 27. Be4 Qe6 28. f3 Kh7 29. g4 Qb3 30. Rf1 Kg8 31. Rc8+ Nf8 32. Ra8 a5 33. Kg2 g6 34. Rf2 Qb5 35. Rd2 Kg7 36. Ra7 Kf6 37. Bd5 Ne6 38. Bxe6 Kxe6 39. Rc2 f5 40. gxf5+ gxf5 41. Rh7 Kf6 42. Rxh6+ Kg5 43. Rhc6 a4 44. R6c4 Qb3 45. R4c3 Qb5 46. Rc5 Qb3 47. Kg3 Qb8+ 48. Rc7 Qb4 49. Re2 Qd6+ 0-1

[Event "Split op 2nd"]
[Site "Split"]
[Date "2012.08.15"]
[Round "5"]
[White "Bleuzen, Erwan"]
[Black "Fernandez Gil, Marco Antonio"]
[Result "1-0"]
[WhiteElo "1986"]
[BlackElo "2280"]
[PlyCount "91"]
[EventDate "2012.08.11"]
[EventType "swiss"]
[EventRounds "9"]
[EventCountry "CRO"]
[SourceTitle "CBM 149 Extra"]
[Source "ChessBase"]
[SourceDate "2012.08.24"]
[SourceVersion "1"]
[SourceVersionDate "2012.08.24"]
[SourceQuality "1"]

1. d4 d5 2. c4 c6 3. Nc3 Nf6 4. Nf3 dxc4 5. a4 Bf5 6. e3 e6 7. Bxc4 Bb4 8. 0-0 0-0 9. Qe2 Nbd7 10. Rd1 Bg6 11. h3 a5 12. Nh4 Bh5 13. Nf3 Qe7 14. e4 e5 15. d5 Rad8 16. g4 Bg6 17. Nh4 Ne8 18. Nxg6 hxg6 19. Be3 Nd6 20. f3 Bc5 21. Bb3 Bxe3+ 22. Qxe3 c5 23. Nb5 b6 24. Nxd6 Qxd6 25. Bc4 Nf6 26. Kg2 Qe7 27. Rh1 Ne8 28. Raf1 g5 29. Qf2 Nd6 30. b3 g6 31. Bd3 Kg7 32. h4 Rh8 33. hxg5 Qxg5 34. Rxh8 Rxh8 35. Rh1 Rxh1 36. Kxh1 Qc1+ 37. Kg2 Qc3 38. Qc2 Qd4 39. Bc4 f5 40. gxf5 gxf5 41. Bd3 Qe3 42. exf5 Kf6 43. Bc4 Kg5 44. Kh3 Nxf5 45. d6 Nd4 46. Qg2+ 1-0

[Event "Split op 2nd"]
[Site "Split"]
[Date "2012.08.13"]
[Round "3"]
[White "Bleuzen, Erwan"]
[Black "Kiselev, Alexander S"]
[Result "1-0"]
[WhiteElo "1986"]
[BlackElo "2191"]
[PlyCount "73"]
[EventDate "2012.08.11"]
[EventType "swiss"]
[EventRounds "9"]
[EventCountry "CRO"]
[SourceTitle "CBM 149 Extra"]
[Source "ChessBase"]
[SourceDate "2012.08.24"]
[SourceVersion "1"]
[SourceVersionDate "2012.08.24"]
[SourceQuality "1"]

1. d4 d5 2. c4 c6 3. Nc3 Nf6 4. Nf3 a6 5. a4 g6 6. g3 Bg7 7. Bg2 0-0 8. 0-0 Ne4 9. Qc2 Nxc3 10. bxc3 dxc4 11. Qa2 c5 12. Rb1 Nc6 13. Rd1 Na5 14. Ba3 Bf5 15. Rb2 cxd4 16. Nxd4 Qc7 17. Nxf5 gxf5 18. Rd5 Nb3 19. Rxf5 Rfd8 20. Qb1 Qd7 21. Rh5 Qd1+ 22. Bf1 Qxb1 23. Rxb1 e6 24. e3 b5 25. axb5 axb5 26. Bb4 Rab8 27. Bg2 f5 28. e4 Nd2 29. Re1 Nxe4 30. Bxe4 fxe4 31. Rxe4 Rd5 32. Rhh4 Rb6 33. Rhf4 Ra6 34. Rf3 Rf5 35. Rxf5 exf5 36. Re8+ Kf7 37. Rb8 1-0

[Event "FRA-chT1 1011"]
[Site "France"]
[Date "2010.11.14"]
[Round "3.5"]
[White "Marciniak, Gerard"]
[Black "Bleuzen, Erwan"]
[Result "1-0"]
[WhiteElo "2114"]
[BlackElo "2040"]
[PlyCount "39"]
[EventDate "2010.10.17"]
[EventType "team-tourn"]
[EventRounds "11"]
[EventCountry "FRA"]
[SourceTitle "EXT 2012"]
[Source "ChessBase"]
[SourceDate "2011.11.24"]
[SourceVersion "1"]
[SourceVersionDate "2011.11.24"]
[SourceQuality "1"]

1. d4 Nf6 2. c4 g6 3. Nc3 Bg7 4. e4 d6 5. f3 0-0 6. Bg5 c5 7. d5 h6 8. Be3 Qa5 9. Qd2 Kh7 10. Nge2 a6 11. Nc1 Nbd7 12. Be2 Ne5 13. a3 b5 14. cxb5 c4 15. b4 cxb3 16. Nxb3 Qc7 17. b6 Qd8 18. Na5 Bd7 19. 0-0 Rb8 20. Rab1 1-0

[Event "FRA-chT1 1011"]
[Site "France"]
[Date "2010.11.13"]
[Round "2.7"]
[White "Bleuzen, Erwan"]
[Black "Cohen Solal, Leo"]
[Result "1-0"]
[WhiteElo "2040"]
[BlackElo "1779"]
[PlyCount "67"]
[EventDate "2010.10.17"]
[EventType "team-tourn"]
[EventRounds "11"]
[EventCountry "FRA"]
[SourceTitle "EXT 2012"]
[Source "ChessBase"]
[SourceDate "2011.11.24"]
[SourceVersion "1"]
[SourceVersionDate "2011.11.24"]
[SourceQuality "1"]

1. d4 Nf6 2. Nf3 g6 3. g3 Bg7 4. Bg2 d6 5. 0-0 0-0 6. c4 Nbd7 7. Nc3 c5 8. d5 a6 9. a4 Nb6 10. Qb3 Rb8 11. e4 e6 12. Re1 Ne8 13. a5 Na8 14. e5 dxe5 15. Nxe5 Nd6 16. dxe6 Bxe6 17. Nd5 Bxd5 18. Bxd5 Re8 19. Bf4 Nc7 20. Qf3 Nxd5 21. Qxd5 g5 22. Nxf7 Nxf7 23. Rxe8+ Qxe8 24. Bxb8 Qxb8 25. Re1 Qc7 26. Re6 Bxb2 27. Rb6 Qe5 28. Qf3 Nd6 29. Qg4 Bd4 30. Kf1 Nxc4 31. Qc8+ Kg7 32. Rxb7+ Kg6 33. Qg8+ Kf6 34. Qxc4 1-0

[Event "Quimper op 1st"]
[Site "Quimper"]
[Date "2010.10.31"]
[Round "5"]
[White "Bleuzen, Erwan"]
[Black "Brault, Julien"]
[Result "1/2-1/2"]
[WhiteElo "2048"]
[BlackElo "1845"]
[PlyCount "78"]
[EventDate "2010.10.30"]
[EventType "swiss"]
[EventRounds "7"]
[EventCountry "FRA"]
[SourceTitle "EXT 2012"]
[Source "ChessBase"]
[SourceDate "2011.11.24"]
[SourceVersion "1"]
[SourceVersionDate "2011.11.24"]
[SourceQuality "1"]

1. d4 d5 2. c4 e6 3. Nf3 c6 4. e3 Bd6 5. Nc3 f5 6. c5 Bc7 7. b4 Nf6 8. Ne5 0-0 9. f4 Ne4 10. Nxe4 fxe4 11. Bb2 Bxe5 12. dxe5 Na6 13. Bxa6 bxa6 14. 0-0 Rb8 15. Bc3 a5 16. a3 Rf7 17. Qa4 Rb5 18. bxa5 Ba6 19. Bb4 Qh4 20. Qc2 Rb8 21. Qf2 Qxf2+ 22. Rxf2 g6 23. Rd2 Kg7 24. Kf2 Rb5 25. Raa2 Rb8 26. Rab2 Rfb7 27. Kg3 Kh6 28. Kh4 Rf7 29. Bc3 Rfb7 30. Rxb7 Rxb7 31. Bb4 Rf7 32. Rf2 Kg7 33. Bc3 h6 34. Rb2 Rb7 35. Rxb7+ Bxb7 36. Kg4 Kf7 37. Kg3 a6 38. Kh4 Bc8 39. Be1 Bd7 1/2-1/2

[Event "Brest op"]
[Site "Brest"]
[Date "2010.04.03"]
[Round "1.4"]
[White "Dodart, Guillaume"]
[Black "Bleuzen, Erwan"]
[Result "0-1"]
[WhiteElo "1650"]
[BlackElo "2051"]
[PlyCount "78"]
[EventDate "2010.04.03"]
[EventType "swiss"]
[EventRounds "7"]
[EventCountry "FRA"]
[SourceTitle "EXT 2014"]
[Source "ChessBase"]
[SourceDate "2013.11.20"]
[SourceVersion "1"]
[SourceVersionDate "2013.11.20"]
[SourceQuality "1"]

1. e4 c5 2. Nf3 Nc6 3. d4 cxd4 4. Nxd4 e5 5. Nb5 d6 6. c4 Be7 7. N1c3 a6 8. Na3 f5 9. f3 Nf6 10. Bg5 0-0 11. Bxf6 Rxf6 12. Nd5 Rg6 13. Qd3 fxe4 14. Qxe4 Nd4 15. 0-0-0 Bg5+ 16. f4 Bf5 17. Qe3 Bh6 18. g3 Ne6 19. Bd3 exf4 20. gxf4 Bxd3 21. Rxd3 Qh4 22. Rf1 Rf8 23. Kb1 Bxf4 24. Qh3 Qxh3 25. Rxh3 Bg5 26. Rxf8+ Nxf8 27. Rb3 Rh6 28. Rxb7 Rxh2 29. Rb6 h5 30. Rxd6 h4 31. c5 Rh1+ 32. Kc2 Rc1+ 33. Kb3 h3 34. Nc2 h2 35. c6 h1Q 36. c7 Qh3+ 37. Nc3 Qc8 38. Nd5 Ne6 39. Rc6 Rxc2 0-1

[Event "FRA-chT2 0910"]
[Site "France"]
[Date "2009.12.13"]
[Round "6.7"]
[White "Saglier, Paul"]
[Black "Bleuzen, Erwan"]
[Result "1/2-1/2"]
[WhiteElo "1902"]
[BlackElo "2046"]
[PlyCount "104"]
[EventDate "2009.09.27"]
[EventType "team-tourn"]
[EventRounds "11"]
[EventCountry "FRA"]
[SourceTitle "EXT 2011"]
[Source "ChessBase"]
[SourceDate "2010.11.26"]
[SourceVersion "1"]
[SourceVersionDate "2010.11.26"]
[SourceQuality "1"]

1. Nf3 c5 2. c4 d6 3. Nc3 e5 4. g3 f5 5. d3 Nf6 6. Bg2 Be7 7. 0-0 0-0 8. a3 Nc6 9. Rb1 a5 10. Bd2 Bd7 11. Ne1 h6 12. Nc2 g5 13. Nd5 f4 14. b4 axb4 15. axb4 cxb4 16. Ncxb4 Nd4 17. Bc3 Ba4 18. Nxe7+ Qxe7 19. Qd2 Nb3 20. Rxb3 Bxb3 21. Rb1 Ba4 22. Nd5 Nxd5 23. Bxd5+ Rf7 24. Rxb7 Qxb7 25. Bxb7 Rxb7 26. f3 Rb1+ 27. Kf2 Bd7 28. Qc2 Rab8 29. d4 Be8 30. dxe5 Rh1 31. Bb2 Rxh2+ 32. Kg1 fxg3 33. exd6 Rb7 34. Qc3 Bc6 35. Qh8+ Kf7 36. Qf6+ Ke8 37. Qe6+ Kf8 38. Qf6+ Ke8 39. Qe5+ Kf7 40. c5 Bxf3 41. Qf6+ Ke8 42. exf3 Rhxb2 43. Qe6+ Kf8 44. c6 Rb1+ 45. Kg2 R7b2+ 46. Kxg3 Rg1+ 47. Kh3 g4+ 48. fxg4 Rh1+ 49. Kg3 Rg1+ 50. Kh3 Rh1+ 51. Kg3 Rg1+ 52. Kh3 Rh1+ 1/2-1/2

[Event "FRA-chT2 0910"]
[Site "France"]
[Date "2009.10.18"]
[Round "3.7"]
[White "Bleuzen, Erwan"]
[Black "Caron, Sebastien"]
[Result "1-0"]
[WhiteElo "2035"]
[BlackElo "1914"]
[PlyCount "51"]
[EventDate "2009.09.27"]
[EventType "team-tourn"]
[EventRounds "11"]
[EventCountry "FRA"]
[SourceTitle "EXT 2011"]
[Source "ChessBase"]
[SourceDate "2010.11.26"]
[SourceVersion "1"]
[SourceVersionDate "2010.11.26"]
[SourceQuality "1"]

1. d4 Nf6 2. c4 g6 3. Nc3 d5 4. cxd5 Nxd5 5. e4 Nxc3 6. bxc3 Bg7 7. Nf3 0-0 8. Be2 c5 9. 0-0 Nc6 10. Be3 cxd4 11. cxd4 Qa5 12. Qb3 Rd8 13. Bc4 e6 14. d5 exd5 15. exd5 Ne5 16. Nxe5 Bxe5 17. d6 Bxa1 18. Bxf7+ Kg7 19. Rxa1 Qe5 20. Rd1 Rxd6 21. Bd5 Qh5 22. Qc3+ Kf8 23. Qh8+ Ke7 24. Qg7+ Kd8 25. Qf8+ Kd7 26. Be6+ 1-0

[Event "FRA-chT2 West 0809"]
[Site "France"]
[Date "2009.01.17"]
[Round "5.5"]
[White "Ider, Borya"]
[Black "Bleuzen, Erwan"]
[Result "1-0"]
[WhiteElo "2156"]
[BlackElo "2028"]
[PlyCount "65"]
[EventDate "2008.10.19"]
[EventType "team-tourn"]
[EventRounds "11"]
[EventCountry "FRA"]
[SourceTitle "EXT 2010"]
[Source "ChessBase"]
[SourceDate "2010.11.25"]
[SourceVersion "1"]
[SourceVersionDate "2010.11.25"]
[SourceQuality "1"]
[WhiteTeam "Stade Francais Jeen"]
[BlackTeam "Rennes Paul Bert"]
[WhiteTeamCountry "FRA"]
[BlackTeamCountry "FRA"]

1. d4 Nf6 2. Nf3 g6 3. Bf4 Bg7 4. e3 d6 5. Bc4 Nbd7 6. 0-0 0-0 7. h3 c5 8. c3 b6 9. Nbd2 Bb7 10. a4 a6 11. Qc2 d5 12. Be2 Nh5 13. Bh2 f5 14. Ng5 e5 15. Ne6 Qh4 16. Nxf8 Rxf8 17. Nf3 Qe7 18. Nxe5 Nxe5 19. dxe5 Bxe5 20. Bxe5 Qxe5 21. Bxh5 gxh5 22. Qd2 Rf7 23. Rad1 Qe4 24. f3 Qxa4 25. Qf2 Qe8 26. Rfe1 Qe7 27. Qg3+ Rg7 28. Qb8+ Kf7 29. Qf4 Qe6 30. e4 dxe4 31. Rd6 Rxg2+ 32. Kxg2 exf3+ 33. Kf2 1-0

[Event "FRA-chT2 West 0708"]
[Site "France"]
[Date "2008.04.06"]
[Round "11.8"]
[White "Bleuzen, Erwan"]
[Black "Fota, Daniel"]
[Result "1/2-1/2"]
[WhiteElo "2038"]
[BlackElo "1922"]
[PlyCount "47"]
[EventDate "2007.10.21"]
[EventType "team"]
[EventRounds "11"]
[EventCountry "FRA"]
[SourceTitle "EXT 2009"]
[Source "ChessBase"]
[SourceDate "2008.11.26"]
[SourceVersion "1"]
[SourceVersionDate "2008.11.26"]
[SourceQuality "1"]
[WhiteTeam "Rennes Paul Bert"]
[BlackTeam "Echiquier Berry Sologne"]
[WhiteTeamCountry "FRA"]
[BlackTeamCountry "FRA"]

1. d4 Nf6 2. c4 e6 3. Nf3 b6 4. g3 Bb7 5. Bg2 Bb4+ 6. Bd2 Bxd2+ 7. Nbxd2 d6 8. 0-0 Nbd7 9. e3 0-0 10. Qe2 Qe7 11. Rfe1 e5 12. d5 a5 13. Nh4 g6 14. e4 Nh5 15. Nf5 Qe8 16. Nf1 gxf5 17. Qxh5 fxe4 18. Qf5 Nc5 19. Qg5+ Kh8 20. Qf6+ Kg8 21. Rxe4 Nxe4 22. Bxe4 Bc8 23. Qg5+ Kh8 24. Qf6+ 1/2-1/2

[Event "FRA-chT2 West 0708"]
[Site "France"]
[Date "2007.10.21"]
[Round "1.3"]
[White "Bleuzen, Erwan"]
[Black "Levasseur, Philippe"]
[Result "0-1"]
[WhiteElo "2038"]
[BlackElo "2177"]
[PlyCount "30"]
[EventDate "2007.10.21"]
[EventType "team"]
[EventRounds "11"]
[EventCountry "FRA"]
[SourceTitle "EXT 2009"]
[Source "ChessBase"]
[SourceDate "2008.11.26"]
[SourceVersion "1"]
[SourceVersionDate "2008.11.26"]
[SourceQuality "1"]
[WhiteTeam "Rennes Paul Bert"]
[BlackTeam "Sautron"]
[WhiteTeamCountry "FRA"]
[BlackTeamCountry "FRA"]

1. d4 d5 2. c4 c6 3. Nc3 Nf6 4. Nf3 dxc4 5. Ne5 b5 6. a4 b4 7. Na2 a5 8. e4 Nxe4 9. Bxc4 e6 10. Qf3 Nf6 11. Bb5 Qd5 12. Qxd5 Nxd5 13. Bxc6+ Nxc6 14. Nxc6 f6 15. Bd2 Bb7 0-1

[Event "FRA-chT2 West 0607"]
[Site "France"]
[Date "2006.11.26"]
[Round "3.4"]
[White "Rate, Bruno"]
[Black "Bleuzen, Erwan"]
[Result "1/2-1/2"]
[WhiteElo "2118"]
[BlackElo "2032"]
[PlyCount "42"]
[EventDate "2006.10.15"]
[EventType "team"]
[EventRounds "11"]
[EventCountry "FRA"]
[SourceTitle "EXT 2008"]
[Source "ChessBase"]
[SourceDate "2007.11.25"]
[SourceVersion "1"]
[SourceVersionDate "2007.11.25"]
[SourceQuality "1"]
[WhiteTeam "Sautron"]
[BlackTeam "Rennes Paul Bert"]
[WhiteTeamCountry "FRA"]
[BlackTeamCountry "FRA"]

1. d4 d5 2. Nf3 Nf6 3. e3 c5 4. c4 cxd4 5. exd4 Nc6 6. Nc3 Bg4 7. cxd5 Nxd5 8. Bb5 e6 9. Qa4 Bb4 10. Ne5 0-0 11. Bxc6 bxc6 12. Nxg4 Qh4 13. h3 f5 14. 0-0 Nxc3 15. bxc3 Bxc3 16. Rb1 fxg4 17. Qxc6 Bxd4 18. Qxe6+ Kh8 19. Be3 g3 20. fxg3 Bxe3+ 21. Qxe3 Qc4 1/2-1/2

[Event "FRA-chT2 West 0607"]
[Site "France"]
[Date "2006.11.25"]
[Round "2.7"]
[White "Favarel, Antoine"]
[Black "Bleuzen, Erwan"]
[Result "1-0"]
[WhiteElo "2045"]
[BlackElo "2032"]
[PlyCount "89"]
[EventDate "2006.10.15"]
[EventType "team"]
[EventRounds "11"]
[EventCountry "FRA"]
[SourceTitle "EXT 2008"]
[Source "ChessBase"]
[SourceDate "2007.11.25"]
[SourceVersion "1"]
[SourceVersionDate "2007.11.25"]
[SourceQuality "1"]
[WhiteTeam "Bordeaux ASPOM"]
[BlackTeam "Rennes Paul Bert"]
[WhiteTeamCountry "FRA"]
[BlackTeamCountry "FRA"]

1. e4 c5 2. Nf3 Nc6 3. Bb5 g6 4. Bxc6 dxc6 5. d3 Bg7 6. h3 Nf6 7. Nc3 e5 8. Be3 Qd6 9. Qd2 0-0 10. 0-0 Nh5 11. a3 Nf4 12. Na4 b6 13. b4 cxb4 14. axb4 Be6 15. Ng5 h6 16. Nxe6 Qxe6 17. Nc3 f5 18. exf5 Qxf5 19. Ne4 g5 20. Ng3 Qg6 21. d4 exd4 22. Bxd4 Rad8 23. c3 Qf7 24. Qb2 Nd3 25. Qe2 Bxd4 26. cxd4 Rxd4 27. Qe3 Rd7 28. Rad1 Nxb4 29. Rxd7 Qxd7 30. Qe4 Nd5 31. Qg6+ Qg7 32. Qe6+ Kh7 33. Qxc6 Nf4 34. Rd1 Rf7 35. Rd6 Qf8 36. Qe4+ Kg8 37. Qc6 h5 38. Ne4 Qe7 39. g3 Nxh3+ 40. Kg2 g4 41. Rg6+ Kh8 42. Rh6+ Rh7 43. Qc3+ Qg7 44. Qc8+ Qg8 45. Nf6 1-0

[Event "Hennebont Grand Prix"]
[Site "Hennebont"]
[Date "2006.08.05"]
[Round "1"]
[White "Le Goff, Ronan"]
[Black "Bleuzen, Erwan"]
[Result "1-0"]
[WhiteElo "1840"]
[BlackElo "2032"]
[PlyCount "43"]
[EventDate "2006.08.05"]
[EventType "swiss"]
[EventRounds "7"]
[EventCountry "FRA"]
[SourceTitle "EXT 2007"]
[Source "ChessBase"]
[SourceDate "2006.11.23"]
[SourceVersion "1"]
[SourceVersionDate "2006.11.23"]
[SourceQuality "1"]

1. d4 Nf6 2. c4 g6 3. Nc3 Bg7 4. e4 d6 5. Nf3 0-0 6. Be2 e5 7. d5 Ne8 8. Bg5 f6 9. Bh4 g5 10. Bg3 f5 11. exf5 Bxf5 12. h4 g4 13. Ng5 h6 14. Nge4 Qc8 15. f3 gxf3 16. gxf3 Nd7 17. Bf2 Ndf6 18. Rg1 Kh7 19. Ng3 Kh8 20. Nxf5 Qxf5 21. Bd3 Qh5 22. Bg6 1-0

[Event "FRA-chT2A 0506"]
[Site "France"]
[Date "2006.03.12"]
[Round "9.5"]
[White "Bleuzen, Erwan"]
[Black "Bancel, Gerard"]
[Result "1-0"]
[WhiteElo "2032"]
[BlackElo "2133"]
[PlyCount "105"]
[EventDate "2005.10.27"]
[EventType "team-tourn"]
[EventRounds "11"]
[EventCountry "FRA"]
[SourceTitle "EXT 2006"]
[Source "ChessBase"]
[SourceDate "2005.11.24"]
[SourceVersion "1"]
[SourceVersionDate "2005.11.24"]
[SourceQuality "1"]
[WhiteTeam "Rennes Paul Bert"]
[BlackTeam "Bordeaux ASPOM"]
[WhiteTeamCountry "FRA"]
[BlackTeamCountry "FRA"]

1. d4 c5 2. d5 e5 3. e4 Nf6 4. Nc3 d6 5. Bb5+ Nbd7 6. a4 Be7 7. Nge2 0-0 8. 0-0 Ne8 9. Ng3 g6 10. Bh6 Ng7 11. Qd2 Nf6 12. h3 Kh8 13. f4 Ng8 14. Bxg7+ Kxg7 15. f5 a6 16. Bc4 b6 17. Rf3 Bg5 18. Qd3 Nf6 19. Raf1 Ne8 20. Nh1 Nc7 21. g3 Bd7 22. h4 Bh6 23. Nf2 Qb8 24. Ng4 gxf5 25. Nxh6 Kxh6 26. Qe3+ f4 27. gxf4 Rg8+ 28. Rg3 Rxg3+ 29. Qxg3 Qg8 30. Qg5+ Qxg5+ 31. fxg5+ Kg7 32. Kg2 b5 33. axb5 axb5 34. Be2 b4 35. Nd1 Ra2 36. Bh5 Be8 37. Kg3 Nb5 38. Rf6 c4 39. Rf2 Nd4 40. c3 bxc3 41. bxc3 Rxf2 42. Kxf2 Nb5 43. Be2 f6 44. Bxc4 Na3 45. gxf6+ Kxf6 46. Bd3 Ke7 47. Ne3 Kd7 48. Ke2 Kc7 49. c4 Kb6 50. Kd2 Kc5 51. Kc3 Bg6 52. Nf5 h5 53. Kb3 1-0

[Event "FRA-chT2A 0506"]
[Site "France"]
[Date "2005.10.16"]
[Round "1.5"]
[White "Bleuzen, Erwan"]
[Black "Adam, Etienne"]
[Result "0-1"]
[WhiteElo "2032"]
[BlackElo "2044"]
[PlyCount "42"]
[EventDate "2005.10.27"]
[EventType "team-tourn"]
[EventRounds "11"]
[EventCountry "FRA"]
[SourceTitle "EXT 2006"]
[Source "ChessBase"]
[SourceDate "2005.11.24"]
[SourceVersion "1"]
[SourceVersionDate "2005.11.24"]
[SourceQuality "1"]
[WhiteTeam "Rennes Paul Bert"]
[BlackTeam "Niort"]
[WhiteTeamCountry "FRA"]
[BlackTeamCountry "FRA"]

1. d4 d5 2. c4 c6 3. e3 Nf6 4. Nc3 a6 5. Nf3 b5 6. c5 Bg4 7. Qb3 Bxf3 8. gxf3 e5 9. a4 Nbd7 10. axb5 axb5 11. Rxa8 Qxa8 12. Nxb5 cxb5 13. Bxb5 exd4 14. exd4 Be7 15. 0-0 0-0 16. Re1 Bxc5 17. dxc5 Qa5 18. Re7 Nxc5 19. Qc3 Qxb5 20. Bg5 d4 21. Qxd4 Ne6 0-1